Doing your masters dissertation: realizing your potential as a social scientist (Record no. 174206)
[ view plain ]
| 000 -LEADER | |
|---|---|
| fixed length control field | 00643nam a2200205Ia 4500 |
| 003 - CONTROL NUMBER IDENTIFIER | |
| control field | St Aloysius Coll |
| 005 - DATE AND TIME OF LATEST TRANSACTION | |
| control field | 20250703105623.0 |
| 008 - FIXED-LENGTH DATA ELEMENTS--GENERAL INFORMATION | |
| fixed length control field | 210423s2005 xx 000 0 und d |
| 040 ## - CATALOGING SOURCE | |
| Transcribing agency | AL |
| 041 ## - LANGUAGE CODE | |
| Language code of text/sound track or separate title | English |
| 082 ## - DEWEY DECIMAL CLASSIFICATION NUMBER | |
| Classification number | 011.72 |
| Edition number | 23 |
| Item number | HARD |
| 100 ## - MAIN ENTRY--PERSONAL NAME | |
| Personal name | Chris Hart |
| 9 (RLIN) | 217000 |
| 245 ## - TITLE STATEMENT | |
| Title | Doing your masters dissertation: realizing your potential as a social scientist |
| 260 ## - PUBLICATION, DISTRIBUTION, ETC. | |
| Place of publication, distribution, etc. | New Delhi |
| Name of publisher, distributor, etc. | Vistaar Publication |
| Date of publication, distribution, etc. | 2005 |
| 365 ## - TRADE PRICE | |
| Currency code | INR |
| 650 ## - SUBJECT ADDED ENTRY--TOPICAL TERM | |
| Topical term or geographic name entry element | Bibliography |
| 9 (RLIN) | 217001 |
| 650 ## - SUBJECT ADDED ENTRY--TOPICAL TERM | |
| Topical term or geographic name entry element | General |
| 9 (RLIN) | 217002 |
| 906 ## - LOCAL DATA ELEMENT F, LDF (RLIN) | |
| a | dissertation: ; Doing ; masters ; political ; realiting ; scientist. ; social ; your |
| 942 ## - ADDED ENTRY ELEMENTS (KOHA) | |
| Source of classification or shelving scheme | Dewey Decimal Classification |
| Koha item type | Book |
| Withdrawn status | Lost status | Damaged status | Not for loan | Collection code | Home library | Current library | Date acquired | Source of acquisition | Total Checkouts | Full call number | Barcode | Date last seen | Price effective from | Koha item type |
|---|---|---|---|---|---|---|---|---|---|---|---|---|---|---|
| MSW | St Aloysius PG Library | St Aloysius PG Library | 01/18/2006 | Sita Book House | 011.72 HARD | PG020877 | 08/24/2022 | 04/26/2021 | Book |